Diseño de superestructura y subestructura del puente la Vainilla por el método AASHTO LRFD 2010 con las cargas HS20 44+25%

Presenta el diseño de súper estructura y subestructura del puente la Vainilla por el método AASHTO LRFD 2010 con las cargas HS20 44+25% en el cual se realizó un análisis de informes técnicos referentes a los estudios viales, hidrotécnicos, geotécnicos así como el diseño de la superestructu...

Full description

Bibliographic Details
Main Authors: Torres Jarquín, José Antonio, Méndez Mena, Harvin Adolfo
Other Authors: Tutor: Arévalo Gutiérrez, Alejandro
Format: Tesis Section = Libro
Language:Undetermined
Spanish
Published: Managua UNI 2017
Subjects:
LEADER 01214nam a2200253Ia 4500
008 240830s9999 xx 000 0 und d
040 |a BIBLIOTECA-RUPAP Mon 624.2 T693 
041 |a spa 
082 |a Mon 624.2 T693 
100 1 |a Torres Jarquín, José Antonio 
100 1 |b Méndez Mena, Harvin Adolfo 
245 1 0 |a Diseño de superestructura y subestructura del puente la Vainilla por el método AASHTO LRFD 2010 con las cargas HS20 44+25% 
260 |a Managua  |b UNI  |c 2017 
300 |a 88p. :il 
500 |a Contiene anexos y CD 
502 |a Tesis (Ingeniero Civil)- UNI, 2017. 
520 3 |a Presenta el diseño de súper estructura y subestructura del puente la Vainilla por el método AASHTO LRFD 2010 con las cargas HS20 44+25% en el cual se realizó un análisis de informes técnicos referentes a los estudios viales, hidrotécnicos, geotécnicos así como el diseño de la superestructura de la losa de concreto y viga de acero. 
650 7 |a PUENTES DE CARRETERAS - DISEÑO Y CONSTRUCCION 
650 7 |b CONSTRUCCION DE PUENTES 
650 7 |c ANALISIS Y DISEÑO DE ESTRUCTURAS. 
700 1 |a Tutor:  |b Arévalo Gutiérrez, Alejandro 
942 |c BK  |2 ddc 
991 |a TESIS 
999 |c 15936